000 00784 a2200181 4500
999 _c10471
_d10471
020 _a9781138926295 (hardback : alk. paper)
050 0 0 _aBF458. ALD 2016
100 1 _aAlderman, Bret,
_eauthor.
245 1 0 _aSymptom, symbol and the other of language :
_ba Jungian interpretation of the linguistic turn /
_cBret Alderman.
264 1 _aLondon ;
_aNew York:
_bRoutledge, Taylor & Francis Group,
_c2016.
300 _avi,153 pages ;
500 _aIncludes bibliographical references and index.
504 _aIncludes bibliographical references and index.
650 0 _aPsycholinguistics.
650 0 _aJungian psychology.
942 _2lcc
_cBK
_h458
_iALD
_kBF